Paroles - Même pas un grincement - Ziak - Statistiques

Statistiques générales
  • Ce quiz a été pris 37 fois
  • Le résultat moyen est 257 sur 489
Statistiques - réponses
Paroles % Correct
a
92%
à
92%
le
92%
un
88%
la
81%
l'a
81%
les
81%
pas
81%
de
77%
est
77%
même
73%
par
73%
parti
73%
Sa
73%
sa
73%
Et
69%
et
69%
On
69%
on
69%
qui
69%
t'entends
69%
T'entends
69%
avant
65%
dans
65%
d'la
65%
grincement
65%
nos
65%
pris
65%
va
65%
au
62%
ça :
62%
ça
62%
Ça
62%
des
62%
du
62%
Il
62%
il
62%
m'a
62%
ma
62%
sur
62%
vie
62%
autre
58%
battent,
58%
battent
58%
ce
58%
cœurs
58%
craque
58%
craque,
58%
gros
58%
mère
58%
mère,
58%
mort
58%
mort,
58%
presque
58%
si
58%
sol
58%
tout,
58%
tout
58%
ces
54%
c'est
54%
coup,
54%
d'château
54%
dingueries,
54%
d'l'avance
54%
d'un
54%
fer
54%
j'ai
54%
j'encaisse
54%
mais
54%
pierres
54%
prendre,
54%
alors
50%
balles
50%
blanc
50%
bonne
50%
cible
50%
d'avant,
50%
ennemis,
50%
factices,
50%
fête
50%
j'te
50%
l'adversaire,
50%
liberté,
50%
l'seum,
50%
l'seum
50%
lui,
50%
lui
50%
négocie
50%
partie
50%
plus
50%
pour
50%
Pour
50%
prie
50%
Quand
50%
quand
50%
raconte
50%
regretter
50%
Regretter
50%
rien
50%
salopes
50%
s'habitue
50%
s'il
50%
surveille
50%
toute
50%
toutes
50%
tu
50%
Y en
50%
apparemment,
46%
C'étaient
46%
cul,
46%
dem,
46%
d'oi-m,
46%
dur
46%
enfant
46%
J'compte
46%
j'compte x2
46%
l'GTS
46%
l'plus
46%
mets
46%
m'fait
46%
mon
46%
non,
46%
nous,
46%
pire,
46%
porcs,
46%
salon,
46%
ta
46%
ton
46%
Ton
46%
vide
46%
Y a
46%
Afghan,
42%
aller
42%
bain
42%
cess',
42%
chance
42%
cinq
42%
coups
42%
Dédicace
42%
défense,
42%
d'sang,
42%
fi
42%
homme
42%
jamais
42%
jambe
42%
j'veux
42%
l'attaquant,
42%
l'coeur
42%
l'cœur
42%
lourd
42%
moi,
42%
moi
42%
noir
42%
priez
42%
qu'j'vends
42%
qu'un
42%
rentré
42%
rhum
42%
sent
42%
Tout-Puissant
42%
trop
42%
vaut
42%
vous,
42%
attachant
38%
biologique
38%
comme
38%
côté
38%
d'maman
38%
d'moi
38%
j'sens
38%
j'vois
38%
larmes
38%
l'coup
38%
l'ftour
38%
l'pourcif
38%
mis
38%
ni
38%
pardon
38%
pincement
38%
qu'ça
38%
s'ra
38%
tête,
38%
touchera
38%
vautours
38%
verte
38%
vise
38%
voir
38%
aller-r'tour,
35%
Fume
35%
gars
35%
ils
35%
j'dors
35%
j'lève
35%
keuss'
35%
l'conflit,
35%
niveau
35%
p'tit
35%
qu'j'paie
35%
sem
35%
seul
35%
soir,
35%
t'dis
35%
(Amen)
31%
ça-ça
31%
d'mandera
31%
faut
31%
Faut
31%
J'monte
31%
j'monte
31%
j'suis
31%
son
31%
vu
31%
collier
27%
d'pression
27%
faire
27%
forces
27%
nature
27%
peuvent
27%
p'tits
27%
rentrer
27%
Sofitel,
27%
t'niquent
27%
3endi
23%
avec
23%
chaussures
23%
compter
23%
d'papa
23%
entrées,
23%
eux,
23%
gardes
23%
grand
23%
guerre,
23%
guerre
23%
J'confonds
23%
marches
23%
neuves
23%
pleuve
23%
qu'il
23%
qu'on
23%
qu'tu
23%
rapide
23%
sorties
23%
s'prendre
23%
tes
23%
affaire
19%
besoins
19%
casse,
19%
ceux
19%
co-co
19%
Colson,
19%
computer
19%
confiance
19%
d'disque
19%
d'faiblesse
19%
envies
19%
femme
19%
génies
19%
heure
19%
J'fais
19%
maison
19%
m'appeler
19%
m'donne
19%
m'reproche
19%
numéro
19%
poto
19%
prix,
19%
protège
19%
qu'la
19%
r'tour,
19%
sait
19%
d'scooter
15%
J'm'en
15%
s'fait
15%
tap, tap, tap
15%
tomber,
15%
t'trahir,
15%
bonté
12%
Cooper
12%
l'aveu
12%
Neiman
12%
qu'des
8%
l'banquier
4%
Aucun quiz correspondant
Distribution des résultats
% des personnes avec chaque résultat
Percentile par nombre de réponses
Votre historique - résultats
Vous n’avez pas pris ce quiz